| 000 | 01135nam a22003735b 4500 | ||
|---|---|---|---|
| 001 | 0000470 | ||
| 003 | DO-SdBNP | ||
| 005 | 20180209154800.0 | ||
| 007 | 0000470 | ||
| 008 | 960301s1993 sp a ||spa | ||
| 016 | 7 |
_a _2BPMSU |
|
| 017 |
_a _b |
||
| 020 | _a8434827654 | ||
| 035 | _a(OCoLC) | ||
| 040 |
_aBPMSU _bspa _cBPMSU _e |
||
| 041 | 1 |
_aspa _h |
|
| 080 | 0 | _a | |
| 082 |
_a833.91 _bP943a 1993 |
||
| 100 | 1 |
_aPreussler, Otfried _d1923-2013 |
|
| 240 | 1 | 4 |
_aDie Dumme Augustine _lEspañol |
| 245 | 1 |
_aAgustina la payasa / _cOtfried Preussler ; ilustraciones de Pablo Echevarría ; traducción del alemán, Marinella Terzi _h |
|
| 250 | _a4ª ed. | ||
| 260 |
_aMadrid : _bSM, _c1993 |
||
| 300 |
_a41 p. : _bil. ; _c19 cm |
||
| 490 |
_aEl barco de vapor. ; _aSerie blanca, _v32 |
||
| 650 | _aCUENTOS INFANTILES ALEMANES | ||
| 650 | _aLITERATURA INFANTIL ALEMANA | ||
| 700 |
_aEchevarría, Pablo _eils. |
||
| 700 |
_aTerzi, Marinella _etr. |
||
| 830 |
_aEl barco de vapor. ; _pSerie blanca, _v1993 |
||
| 942 |
_2ddc _cBK |
||
| 945 | _aInventariado, 2008 / YL | ||
| 956 |
_aVMATEO _b10 _c20161123 _dBPMSU _f0069 |
||
| 999 |
_c12046 _d12046 |
||